000 01550nam a2200481 i 4500
001 5669
003 KOSZ 005
005 20190808124717.0
008 970513s1993 pl a f |000 0 pol
015 _aPB 1992/2578
020 _a8385366180
035 _a991001263609705066
035 _a(PL-WaBN)b10369132-48omnis_nlop
035 _ab10369132
035 _a(OCoLC)749226454
035 _a(PL)b0000001036913
035 _a(EXLNZ-48OMNIS_NETWORK)9910348591105606
040 _aWA N
_cWA N
_dKOSZ 005/EG
041 _apol
046 _k1992
080 _a336.74"19"(091)
100 1 _aFedorowicz, Zdzisław
_d(1922-2007)
_eAutor
245 1 0 _aTeorie pieniądza /
_cZdzisław Fedorowicz.
250 _a[Wyd. 2].
260 _aWarszawa :
_b"Poltext",
_c1993.
300 _a99 s. :
_b2 rys., wykr. ;
_c21 cm.
336 _2rdacontent
_aTekst
_btxt
337 _2rdamedia
_aBez urządzenia pośredniczącego
_bn
338 _2rdacarrier
_aWolumin
_bnc
380 _aKsiążki
380 _aPublikacje naukowe
388 _a1901-2000
388 _a1989-2000
490 1 _aStudia Finansowo-Bankowe / Szkoła Główna Handlowa
504 _aBibliogr. s. 99.
650 7 _aPieniądz
_2DBN
658 _aGospodarka, ekonomia, finanse
710 2 _aWydawnictwo Poltext
_4pbl
830 0 _aStudia Finansowo-Bankowe - Szkoła Główna Handlowa
856 _uhttp://koha.tu.koszalin.pl/cgi-bin/koha/opac-detail.pl?biblionumber=5669
_yKatalog online BPK
942 _2UKD
_cKS
999 _c5669
_d5669